| 000 | 00857nam a2200241Ia 4500 | ||
|---|---|---|---|
| 003 | GCL | ||
| 008 | 140319s9999 xx 000 0 ara d | ||
| 040 |
_aGCL / _cGCL |
||
| 082 | 0 | 4 |
_a810.8 _bط ف |
| 100 | 1 | _aابن الطقطقى : فخرالدين محمد بن على العلوى | |
| 245 | 1 | 0 |
_aالفخرى فى الاداب السلطانية والدول الاسلامية / _cابن الطقطقى : فخرالدين محمد بن على العلوى |
| 260 |
_a[S.N] : _bدار صادر |
||
| 300 | _a360 ص | ||
| 490 | _a | ||
| 650 | 0 | 4 | _aالشعر العربى |
| 650 | 0 | 4 | _aالادب العربى |
| 650 | 0 | 4 | _aالاحكام السلطانية |
| 650 | 0 | 4 | _aالخلفاء |
| 650 | 0 | 4 | _aتاريخ ونقد |
| 650 | 0 | 4 | _aالمجموعات |
| 650 | 0 | 4 | _aاسرائيل - تاريخ - العصر الحديث |
| 942 |
_2ddc _cBK |
||
| 999 |
_c32465 _d32465 |
||